Fußballer nach Bildern #1 - Statistiken

Allgemein
  • Dieses Quiz wurde 5.581 mal gespielt
  • Das Durchschnittsergebnis liegt bei 10 aus 16
Antwortstatistiken
Bildquiz Antwort % Korrekt
Erling Braut Haaland
98%
Jude Bellingham
96%
Niclas Füllkrug
90%
Theo Hernández
83%
Randal Kolo Muani
76%
Kevin Trapp
58%
Victor Osimhen
57%
Ansu Fati
56%
Ante Rebić
54%
Mychajlo Mudryk
53%
Anderson Talisca
52%
Presnel Kimpembe
51%
Adama Traoré
49%
Lukáš Hrádecký
47%
Lukas Nmecha
47%
Rodrigo de Paul
47%
Keine übereinstimmenden Quizze gefunden
Verteilung der Resultate
Anzahl Personen mit jedem Resultat
Perzentil nach korrekt beantworteten Fragen
Ihre Resultats-Entwicklung
Sie haben dieses Quiz noch nicht gespielt